000 01214nam a2200337 i 4500
003 EG-GICUC
005 20260121101436.0
008 251207s2000 ua ||||fr|||| 00| 0 ara d
017 _a٩٨/٨٥٦٤
020 _a977-04-2353-8
040 _a EG-GICUC
_bara
_c EG-GICUC
_d EG-GICUC
_erda
041 0 _aara
082 0 4 _221
_a345.32
_bم ح . ت
092 0 4 _221
099 _aLaw1 07 345.32 م ح . ت 2000
100 0 _aمحمد محمد عبد اللطيف
_eمؤلف.
245 1 0 _aتفويض المرفق العام /
_cالدكتور محمد محمد عبد اللطيف.
264 1 _aالقاهرة :
_bدار النهضة العربية،
_c2000.
300 _a261 ؛صفحة
_c24 سم.
336 _2rda content
_atext
337 _2rda media
_aComputer
338 _2rda carrier
_aOnline Resource
504 _aيشتمل على إرجاعات ببليوجرافية.
504 _a.261-252 ببليوجرافيا: صفحات
546 _aالنص باللغة العربية
650 1 4 _aالمرافق العامة
650 1 4 _aالقانون الإداري
856 4 0 _uhttps://fll.law.cu.edu.eg/fulltext/bks/B07-0132.pdf
905 _a32
_eYara
942 _2ddc
_cBK
_e21
_n0
999 _c48792
_d48792